[Event "TechM GCL 2024"]
[Site "London ENG"]
[Date "2024.10.07"]
[Round "6.2"]
[White "Carlsen, M."]
[Black "Giri, A."]
[Result "1/2-1/2"]
[WhiteElo "2831"]
[BlackElo "2728"]
[PlyCount "106"]
[EventDate "2024.10.03"]
[EventType "team"]
[WhiteTeam "Alpine Sg Pipers"]
[BlackTeam "PBG Alaskan Knights"]

1. d4 {Marin,Mihail} d5 2. c4 e6 3. Nf3 Nf6 4. g3 Bb4+ 5. Bd2 Be7 6. Bg2 O-O 7. O-O c6 8. Qc2 Nbd7 9. a4 a5 10. Rc1 ({RR} 10. Na3 Ne4 11. Be3 f5 12. Ne1 g5 13. f3 Nd6 14. Nd3) ({RR} 10. Rd1 Ne4 11. Be1 f5 12. Nfd2 Ndf6 13. Nxe4 Nxe4 14. Nd2 Bd6 15. Nxe4 fxe4 16. f3 exf3 17. exf3 e5 18. cxd5 cxd5 19. dxe5 Bxe5 20. f4) 10... h6 ({RR} 10... Ne4 11. Be1 f5 12. Nbd2 Bd6 13. e3 Ra7 ({RR} 13... b6 14. cxd5 cxd5 15. Qc6 Ba6 16. Nxe4 fxe4 17. Qxd6 exf3 18. Bh3) ({RR} 13... g5 14. Nb3 ({RR} 14. Nxe4 fxe4 15. Nd2 g4 16. Nb3 Bc7) ({RR} 14. Nxe4 fxe4 15. Nd2 g4 16. Nb3 Bc7) 14... g4 ({RR} 14... b6 15. cxd5 cxd5 16. Nxg5 Qxg5 17. Bxe4 fxe4 18. Qc6) ({RR} 14... f4 15. exf4 gxf4 16. Qe2) ({RR} 14... Bc7 15. Nfd2 Qf6 16. f4 Kh8) ({RR} 14... b6 15. cxd5 cxd5 16. Nxg5 Qxg5 17. Bxe4 fxe4 18. Qc6) ({RR} 14... f4 15. exf4 gxf4 16. Qe2) ({RR} 14... Bc7 15. Nfd2 Qf6 16. f4 Kh8) 15. Nfd2 Ng5) ({RR} 13... b6 14. cxd5 cxd5 15. Qc6 Ba6 16. Nxe4 fxe4 17. Qxd6 exf3 18. Bh3) ({RR} 13... g5 14. Nb3 g4 15. Nfd2 Ng5) 14. Qd1 b6 15. cxd5 cxd5 16. Nb1 Ba6 ({RR} 16... Nb8 17. Na3 Na6 18. Nb5 Ra8 19. Nxd6 Qxd6 20. Ne5) ({RR} 16... Nb8 17. Na3 Na6 18. Nb5 Ra8 19. Nxd6 Qxd6 20. Ne5) 17. Na3 Qa8 ({RR} 17... Bxa3 18. Rxa3 Rc7) ({RR} 17... Qb8 18. Nb5 Bxb5 19. axb5 Rc8 20. Qa4 ({RR} 20. Bf1 Rac7) ({RR} 20. Bf1 Rac7) 20... Rac7 21. Rc6 Qb7 22. Bf1 Nb8 ({RR} 22... Rxc6 23. bxc6 Rxc6 24. Ba6 Qc7 25. Bb5) ({RR} 22... Rxc6 23. bxc6 Rxc6 24. Ba6 Qc7 25. Bb5) 23. Rxc7 Qxc7 24. b4 axb4 25. Bxb4 Nd7 26. Ne1) ({RR} 17... Bxa3 18. Rxa3 Rc7) ({RR} 17... Qb8 18. Nb5 Bxb5 19. axb5 Rc8 20. Qa4 Rac7 21. Rc6 Qb7 22. Bf1 Nb8 23. Rxc7 Qxc7 24. b4 axb4 25. Bxb4 Nd7 26. Ne1) 18. Nb5 Bxb5 19. axb5 Rc8 20. Bf1 ({RR} 20. Rxc8+ Qxc8 21. b4 a4 22. Rxa4 ({RR} 22. Ra3 Qa8 23. Qa1 g5) ({RR} 22. Ra3 Qa8 23. Qa1 g5) 22... Rxa4 23. Qxa4 Qc1) ({RR} 20. Rxc8+ Qxc8 21. b4 a4 22. Rxa4 Rxa4 23. Qxa4 Qc1) 20... Rxc1 ({RR} 20... Rac7 21. Rxc7 Rxc7 22. b4) ({RR} 20... Rac7 21. Rxc7 Rxc7 22. b4) 21. Rxc1 Rc7 22. Rxc7 Bxc7 23. Qa4 Qb8 ({RR} 23... g5 24. b4 g4 25. Nd2 Nxd2 26. Bxd2 Qd8 27. bxa5 bxa5 28. Bd3) ({RR} 23... g5 24. b4 g4 25. Nd2 Nxd2 26. Bxd2 Qd8 27. bxa5 bxa5 28. Bd3) 24. b4 axb4 25. Bxb4 {RR} Bd6 ({RR} 25... g5 26. Qc2 Bd6 27. Qc6 Ndf6 28. Bxd6 Qxd6 29. Nxg5 Qxc6 30. bxc6 Nxg5 31. c7) ({RR} 25... Bd6 26. Bxd6 Qxd6 ({RR} 26... Nxd6 27. Qc2) 27. Qa8+ Kf7 28. Qc6) 26. Bxd6 Qxd6 ({RR} 26... Nxd6 27. Qc2) 27. Qa8+ Kf7 28. Qc6) ({RR} 10... Re8 11. Be1 Bf8 12. Nbd2 e5 13. dxe5 Nxe5 14. Nxe5 Rxe5 15. cxd5 cxd5 16. Nf3 Re8 17. Nd4 b6 18. e3 Ba6 19. b4 axb4 20. Qb2 Ne4 21. Bxe4 dxe4 22. Bxb4 Bxb4 23. Qxb4 Rc8 24. Nf5 Qf6 25. Nd4) ({RR} 10... Ne4 11. Be1 f5 12. Nbd2 Bd6 13. e3 Ra7 14. Qd1 b6 15. cxd5 cxd5 16. Nb1 Ba6 17. Na3 Qa8 18. Nb5 Bxb5 19. axb5 Rc8 20. Bf1 Rxc1 21. Rxc1 Rc7 22. Rxc7 Bxc7 23. Qa4 Qb8 24. b4 axb4 25. Bxb4 {Carlsen,M (2851)-Eljanov,P (2765) Stavanger 2016 CBM 172 [Marin,Mihail] 1-0 (35)}) 11. e3 $146 ({RR} 11. Bc3 b6 12. Nbd2 ({RR} 12. Ne5 Bb7 13. Nxd7 Qxd7 14. Nd2 b5 15. axb5 cxb5 16. cxb5 Qxb5) 12... Bb7 13. Rd1 Qc7 14. b3 Rfd8 15. Bb2 Rac8 16. Rac1 c5 17. cxd5 Bxd5 18. e4 Bc6 19. Re1 Bb7 20. Bh3 Nf8 21. d5 exd5 22. Be5 Qc6 23. Bxf6 Bxf6 24. exd5 Rxd5 25. Bxc8 Qxc8 {Abdusattorov,N (2766)-Brkic,A (2642) Budapest HUN 2024 1-0 (60)}) ({RR} 11. Be1 b6 ({RR} 11... Re8 12. Nbd2) ({RR} 11... Re8 12. Nbd2) 12. cxd5 cxd5 13. Nc3 Bb7 14. Nb5 Rc8 15. Qd1 Rxc1 16. Rxc1 Qb8 17. Bd2 Rc8 18. Bf4 Rxc1 19. Qxc1 Qc8 20. Qxc8+ Bxc8 21. Ne5 Nxe5 22. Bxe5 Ne8 23. e3 Bd7) ({RR} 11. Be1 b6 12. cxd5 cxd5 13. Nc3 Bb7 14. Nb5 Rc8 15. Qd1 Rxc1 16. Rxc1 Qb8 17. Bd2 Rc8 18. Bf4 Rxc1 19. Qxc1 Qc8 20. Qxc8+ Bxc8 21. Ne5 Nxe5 22. Bxe5 Ne8 23. e3 Bd7) ({RR} 11. Nc3 dxc4 12. Nd1 Qc7 13. Bf4 Bd6 14. Bxd6 Qxd6 15. Qxc4 e5 16. Ne3 Re8 17. Rd1 e4 18. Nd2 Nb6 19. Qc5 Qd8 20. Rdb1 Nbd5 21. Nxd5 cxd5 22. e3 b6 23. Qa3 Ba6 24. b4 Bd3 25. Rc1 Qd7 {Dubnevych,M (2320)-Vrolijk,L (2537) Budapest HUN 2026 ½-½ (38)}) 11... Re8 12. Be1 Bd6 13. Nbd2 e5 14. cxd5 cxd5 15. dxe5 Nxe5 16. Nxe5 Bxe5 17. Nf3 Bd6 18. Bc3 Ne4 19. Rd1 Be6 20. Nd4 Bg4 21. Rd3 Bf8 22. h3 Bh5 23. Ne2 Nxc3 24. bxc3 Bg6 25. Nf4 Bxd3 26. Qxd3 Rc8 27. Rb1 b6 28. h4 Bc5 29. Bxd5 Rc7 30. h5 Qg5 31. Kg2 Rce7 32. Re1 Re5 33. c4 Qf5 34. Qd1 R5e7 35. Qf3 Kh8 36. e4 Qe5 37. Bxf7 Rxf7 38. Ng6+ Kg8 39. Nxe5 Rxe5 40. Qd1 Rxf2+ 41. Kh3 Kh7 42. g4 Kh8 43. Qd8+ Rf8 44. Qd3 Rf4 45. Kg3 Rf6 46. Rd1 Rd6 47. Qc2 Rxe4 48. Qxe4 Rxd1 49. Qe8+ Kh7 50. Qe6 Rd6 51. Qe4+ Kh8 52. Kf3 Rf6+ 53. Ke2 Rd6 1/2-1/2

[Event "Meltwater Tour Final 2022"]
[Site "chess24.com INT"]
[Date "2022.11.18"]
[Round "5.2"]
[White "Le, Quang Liem"]
[Black "Carlsen, M."]
[Result "1-0"]
[WhiteElo "2728"]
[BlackElo "2859"]
[PlyCount "101"]
[EventDate "2022.11.14"]

1. d4 {Illingworth,Max} d5 2. c4 e6 3. Nf3 c6 4. g3 dxc4 ({RR} 4... f5) 5. Bg2 b5 6. Ne5 ({RR} 6. O-O) 6... Bb7 7. O-O ({RR} 7. Nc3) ({RR} 7. a4 a6 8. Nc3 ({RR} 8. O-O) 8... f6 9. Nf3 ({RR} 9. Ng4 Nd7 10. O-O h5 11. Ne3 h4) 9... b4 10. Na2 c5 11. O-O cxd4 ({RR} 11... Nc6) 12. Qxd4 Qxd4 13. Nxd4 Bxg2 14. Kxg2 Kf7 15. Be3 Nd7) 7... Nf6 ({RR} 7... Nd7 8. a4 ({RR} 8. Nc3 Qc8) 8... Qc8 ({RR} 8... Nxe5 9. dxe5 Qc7 10. Nc3 Rd8 11. Qc2 a6 12. Ne4) 9. b3 cxb3 ({RR} 9... Nxe5 10. dxe5 b4 11. Nd2 ({RR} 11. bxc4 c5 12. Bxb7 Qxb7) 11... c3 12. Nc4 c5) 10. Qxb3 ({RR} 10. Nd2 Ngf6 11. Nxb3 b4 12. Nxd7 Qxd7 13. a5) 10... b4 11. a5 ({RR} 11. Nxd7 Qxd7 12. Be3) 11... c5 12. Bxb7 Qxb7 13. Nxd7 Qxd7 14. dxc5 Bxc5 15. Bb2 Nf6 16. Rd1 Qc6) 8. b3 ({RR} 8. Nc3 Nd5 ({RR} 8... a6 9. b3 cxb3 10. axb3) 9. a4 a6 10. e4 Nxc3 11. bxc3 Nd7 12. Bf4 Nxe5 13. Bxe5 f6 14. Bf4 Be7 15. Qh5+ g6 16. Qe2 O-O 17. Rfd1) ({RR} 8. a4 a6 9. b3 cxb3 10. Bb2 Nbd7 11. Nxc6 ({RR} 11. Nd2 Nxe5 ({RR} 11... Qb6) 12. dxe5 Nd5 13. Qxb3 Be7 14. Ne4 O-O 15. Rfc1 b4 16. a5) 11... Qc7 12. axb5 axb5 13. Rxa8+ Bxa8 14. Qc1 Bc5) 8... cxb3 9. Qxb3 ({RR} 9. axb3 Be7 ({RR} 9... Nbd7 10. Nc3 ({RR} 10. Nxc6 Qb6 11. d5 Bc5 12. Nc3 O-O 13. Bb2 ({RR} 13. b4 exd5 14. Nxd5 Qxc6 15. Nxf6+ Qxf6 16. Bxb7 Bxf2+ 17. Rxf2 Qxa1 18. Bxa8 Rxa8 19. Rxf7 Nb6) 13... a5 14. Qd3 Nxd5 15. Nxd5 exd5 16. Qxd5 Rac8 17. Qxd7 Bxc6 18. Bxc6 Rxc6 19. Qg4 Rg6 20. Qf5 Rd6) ({RR} 10. Nd2 a5 11. Qc2 Be7 12. Bb2 Qc7 13. Rfd1 Rc8) 10... Nxe5 11. dxe5 Qxd1 12. Rxd1 Nd5 13. Bd2 ({RR} 13. Ne4 a5 14. Bd2 b4 15. Nd6+ Bxd6 16. exd6 f5) 13... b4 ({RR} 13... Be7 14. Ne4 Kd7 15. Ba5) 14. Na4 Be7 15. Rdc1 O-O-O 16. Nb2 ({RR} 16. Nc5 Nc3 17. Bxc3 Bxc5) ({RR} 16. Bf3 Kc7 17. Nc5 Kb6 18. Nd3 a6 19. Nb2 Kc7 20. Nc4 c5 21. Rc2 Bc6) 16... Kb8 17. Nd3 Rc8 18. Ra5 c5 19. Nxc5 Bxc5 20. Rcxc5 Rxc5 21. Rxc5 Rc8 22. Rxc8+ Kxc8) 10. Nc3 ({RR} 10. Ba3 O-O 11. Bxe7 Qxe7 12. Qd2 Rd8 13. Rc1 ({RR} 13. b4 a5 14. Rxa5 Rxa5 15. bxa5 c5) 13... c5 14. Bxb7 Qxb7 15. Rxc5 Nbd7 16. Nxd7 Nxd7 17. Rc1 Nf6) 10... O-O ({RR} 10... Nd5 11. Ne4 O-O ({RR} 11... Nd7 12. Bd2 O-O 13. Ba5) 12. Bd2 ({RR} 12. Bb2 a5 13. Qc1 Qc7 14. Nc5 Bxc5 15. Qxc5 Na6 16. Qc2 c5) 12... a5 13. Qc2 ({RR} 13. e3 f5 14. Nc5 Bxc5 15. dxc5 Qc7 16. f4) 13... Nb4 14. Bxb4 Bxb4 15. Rfd1 ({RR} 15. Nd3 Qxd4 16. e3 Qb6 17. Nxb4 axb4 18. Qc5 Qxc5 19. Nxc5 Rxa1 20. Rxa1 Bc8 21. Nd3 e5 22. Nxb4 Be6 23. Nxc6 Nxc6 24. Bxc6) 15... Qe7 16. Nc5 Bxc5 17. Qxc5 Qxc5 18. dxc5 f6 19. Nd7 Nxd7 20. Rxd7 Rf7) ({RR} 10... a6 11. Bb2 O-O 12. Ne4 Nxe4 13. Bxe4 Ra7 ({RR} 13... Bd6 14. Qc2 h6 15. Nd3 ({RR} 15. Rfc1 a5 16. Nxc6 Nxc6 17. Bxc6 Rc8 18. Qe4 Bxc6 19. Rxc6 Rxc6 20. Qxc6 Qc7) 15... Nd7 16. Nc5 Nxc5 17. dxc5 Bc7 18. Qc3 f6 19. Rfd1 Qe7 20. b4) 14. Qc2 h6 15. Qc3 Bf6 16. Qc5 ({RR} 16. Bc2) 16... Ra8 17. Ba3 Nd7 18. Qd6 Nxe5 ({RR} 18... Bxe5 19. dxe5 Qc8 20. Rfd1 Rd8 21. Qe7) 19. dxe5 Qxd6 20. Bxd6 Rfd8 21. Rad1 Rd7 22. Bc5 Rxd1 23. Rxd1) 11. Nxb5 Nd5 12. Na3 c5 ({RR} 12... Nc3 13. Qc2 ({RR} 13. Qd3 Qxd4) 13... Qxd4 14. Nac4 Nxe2+ ({RR} 14... Nb5 15. Bb2 Qd8 16. Na5 Qc7 17. Nxb7 Qxb7 18. Rfc1) 15. Qxe2 Qxa1 16. Bg5 Qxf1+ 17. Bxf1 Bxg5 18. Nxf7) 13. Bb2 ({RR} 13. dxc5 Bxc5 14. Bb2) 13... Nd7 ({RR} 13... f6 14. Nec4 Nc6 15. e4 Ndb4 16. d5 Nd4 17. dxe6 Bc8 18. Bxd4 cxd4 19. Nb5 d3 20. Qg4) 14. Nac4 cxd4 ({RR} 14... Nxe5 15. Nxe5 Qc7 16. e4 Nb4 17. d5) 15. Bxd4 ({RR} 15. Qxd4 Bc5 16. Qe4 f5 ({RR} 16... a5 17. Nxa5) 17. Qb1) 15... Nxe5 16. Bxe5 Bb4 17. Qc2 ({RR} 17. Qd3 Qe7 18. e4 Nb6 19. Bd6 Qd7 20. Rfd1 Rfd8 21. Qe2 Bxd6 22. Nxd6 Qe7 23. Nxb7 Qxb7 24. Rxd8+ Rxd8) ({RR} 17. e3 Qe7 18. Qg4 f5 19. Qf3 a5) 17... Qe7 18. Rfd1 ({RR} 18. Na5 Bxa5 ({RR} 18... Rfc8 19. Qb2 Bxa5 20. Rxa5 f6 21. Bd4) 19. Rxa5 Nb4 20. Qc5 Qxc5 21. Rxc5 Bxg2 22. Kxg2 Rfc8 ({RR} 22... f6 23. Rc4 fxe5 24. Rxb4 Rfb8 25. Rxb8+ Rxb8 26. Ra1 Rxb3 27. Rxa7) 23. Bd4) 18... Rfc8 19. Qe4 ({RR} 19. Bd4 Nb6 20. Bxb6 Bxg2 21. Bxa7 ({RR} 21. Kxg2 axb6 22. Rxa8 Qb7+ 23. f3 Rxa8) 21... Qb7) 19... Bc6 20. Qg4 f6 ({RR} 20... f5 21. Qh5 Bc5 22. Rac1 Rd8 23. Na5 Be8 24. Qh4 Qxh4 25. gxh4) 21. Bb2 ({RR} 21. Bd4) ({RR} 21. e4 Nb6 22. Nxb6 ({RR} 22. Bd6 Bxd6 23. Nxd6 Rd8) 22... axb6 23. Bxf6 Qxf6 24. e5 Qxe5 25. Rxa8 Bxa8 26. Qxb4 Bxg2 27. Kxg2 b5) 21... Rd8 ({RR} 21... Rab8 22. Ra6) 22. Rdc1 f5 ({RR} 22... Rac8 23. e4 Nb6 24. Bh3 Re8 25. Bd4) 23. Qh3 Rac8 {Eljanov,P (2733)-Tomashevsky,E (2745) Tsaghkadzor 2015 CBM 166 [Illingworth,Max] 1-0 (53)} ({RR} 23... Bc5 24. Ne5 Bb7 25. Qh5 Rac8 26. e3 Nf6 27. Qf7+ Qxf7 28. Nxf7 Kxf7 29. Bxb7 Rc7 30. Ba6)) ({RR} 9. axb3 Nbd7 10. Nxc6 Qb6 11. Ne5 Bxg2 12. Kxg2 Bd6 13. Bb2 O-O 14. Nxd7 Nxd7 15. Nc3 Rfc8 16. Ne4 Bf8 17. Qd3 f5 18. Ng5 h6 19. Nf3 a5 20. d5 a4 21. dxe6 Qxe6 22. Nd4 Qd5+ 23. Kg1 a3 {Ferey,A (2282)-Andreasyan,E (2389) chess.com INT 2026 0-1 (44)}) 9... Be7 $146 ({RR} 9... Qxd4 10. Bb2 Qb4 11. Qc2 Qc5 12. Qb3 Be7 13. a4 a6 14. Na3 O-O 15. axb5 axb5 16. Nxb5 Rxa1 17. Rxa1 cxb5 18. Bxb7 Qb6 19. Bg2 Nfd7 20. Ng4 b4 21. h4 Qb5 22. Qf3 h5 23. Ne3 Bf6 24. Rb1 {Arya G Mallar (2000)-Andersen,M (2562) Escaldes AND 2025 0-1 (63)}) 10. Nc3 a6 11. Rd1 Qc8 12. Bg5 Nbd7 13. Rac1 O-O 14. Ne4 Nxe4 15. Bxe7 Re8 16. Nxc6 Bxc6 17. Bxe4 Bxe4 18. Rxc8 Raxc8 19. Qa3 Nb6 20. Bc5 Na4 21. f3 Bd5 22. Rc1 a5 23. Kf2 h6 24. g4 Bc6 25. Qe3 Bd5 26. g5 Nxc5 27. dxc5 hxg5 28. Qxg5 f6 29. Qg6 Bxa2 30. Rg1 Re7 31. Qxf6 Rf7 32. Qa1 Bc4 33. Qxa5 Rxc5 34. Qd8+ Kh7 35. Qh4+ Kg8 36. Rg3 Rcf5 37. Rh3 Rf8 38. Qh7+ Kf7 39. Rg3 Rg8 40. h4 Rf6 41. h5 Rh6 42. Qe4 g5 43. Rxg5 Rxg5 44. Qf4+ Kg7 45. Qxg5+ Kh7 46. e4 e5 47. Qe7+ Kg8 48. Qe8+ Kh7 49. Kg3 Re6 50. Qf7+ Kh6 51. Kh4 1-0

[Event "Esports World Cup D 2025"]
[Site "Riyadh KSA"]
[Date "2025.07.29"]
[Round "1.2"]
[White "Duda, J."]
[Black "Caruana, F."]
[Result "1-0"]
[WhiteElo "2725"]
[BlackElo "2784"]
[PlyCount "85"]
[EventDate "2025.07.29"]
[EventType "k.o."]

1. d4 {Anand,Viswanathan} d5 2. c4 e6 3. Nf3 dxc4 4. e4 b5 5. a4 c6 ({RR} 5... Bb7 6. axb5 Bxe4 7. Bxc4 Nf6 8. O-O Be7 9. Nc3 Bb7 10. Ne5 O-O 11. Re1 c5) 6. axb5 ({RR} 6. b3 Bb4+ 7. Bd2 Bxd2+ 8. Qxd2 Nf6 9. e5 Nd5 10. bxc4 bxc4 11. Bxc4) ({RR} 6. Nc3 b4 7. Ne2 Nf6 8. Ng3 Ba6 9. Qc2 b3 10. Qc3 Qb6 11. Bd2 Bd6) 6... cxb5 7. b3 Nf6 ({RR} 7... Bb7 8. bxc4 Bxe4 ({RR} 8... bxc4 9. Bxc4 Bxe4 10. Ne5) 9. cxb5 ({RR} 9. Nbd2 Bb7 10. Qb3 Nf6 11. Qxb5+ Qd7 12. Qxd7+ Nfxd7 13. Rb1 Bc6 14. g3 a5 15. Bg2 Bb4 16. O-O O-O 17. Rb3 Rc8 18. Ba3 Ba4 19. Re3 Nc6 20. Ra1 Ra7 21. Ne4) 9... Nf6 10. Be2 ({RR} 10. Bd3 Bb4+ 11. Kf1 O-O 12. Bxe4 Nxe4 13. Qb3 a5 14. bxa6 Rxa6 15. Rxa6 Nxa6 16. g3 Qa8 17. Kg2 Be7 {RR} 18. Be3 Nb4 19. Nbd2 Rc8 20. Nxe4 Qxe4 21. Rc1 Nc2 22. h4 h6 23. Kh2 Ba3 24. Nd2 Qf5) 10... Be7 ({RR} 10... Bb4+ 11. Bd2 Bxd2+ 12. Nbxd2 Bd5 13. O-O O-O 14. Nc4 Nbd7) 11. O-O O-O 12. Nc3 ({RR} 12. Nbd2 Bb7 13. Nc4 a6 14. b6 Nc6 15. Bd2 Nd5 16. Qb3 Bb4 17. Bxb4 Ncxb4 18. Ra5 Nc6 19. Ra4 Nf4 20. Re1 Rb8 21. Bf1 Ng6 22. Rd1 Nce7 23. Nfe5 Nf5) 12... Bb7 13. Ne5 a6 ({RR} 13... Bb4 14. Bb2 a6 ({RR} 14... Bxc3 15. Bxc3 Qd5 ({RR} 15... a6 16. Bf3 ({RR} 16. Ba5 Qd5 17. Bf3 Qxb5)) 16. Nf3) 15. Bf3) ({RR} 13... Nd5 14. Bb2 Nxc3 15. Bxc3 Qd5 16. Bf3 Qxb5 17. Rb1 Bxf3 18. Qxf3 Qd5) ({RR} 13... Nbd7 14. Nc6 Bxc6 15. bxc6 Rc8 16. cxd7 ({RR} 16. d5 exd5 17. cxd7 Rxc3 18. Rxa7 Rc7) 16... Rxc3 17. Rxa7 Rc7) 14. Bf3 Nd5 ({RR} 14... Bxf3 15. Qxf3 Qxd4 16. Re1 Bb4 ({RR} 16... Nd5 17. Bb2) 17. Bb2) ({RR} 14... Qb6 15. Nc4 ({RR} 15. Rb1 Bxf3 16. Qxf3 Nbd7) ({RR} 15. Be3) 15... Qc7 16. b6 Qxc4 17. Bxb7 Qxc3 18. Bd2 Qxd4 19. Bxa8 Qxb6) ({RR} 14... Qc7 15. Bf4 Bd6 16. b6) 15. Nxd5 exd5 ({RR} 15... Bxd5 16. Qe2 ({RR} 16. Bf4 Ra7)) 16. Rb1 ({RR} 16. Qb3 axb5 17. Rxa8 Bxa8 18. Qxb5) 16... Qb6 ({RR} 16... f6 17. Nd3 Re8 ({RR} 17... axb5 18. Rxb5 Bc6 19. Qb3 Ra5 20. Rxa5 Qxa5 21. Nf4) 18. Nf4 Kh8 19. Bh5 g6 ({RR} 19... Rf8 20. Ne6) ({RR} 19... Rg8 20. Ng6+ hxg6 21. Bxg6) 20. Nxg6+ hxg6 21. Bxg6 Kg7 22. Qg4 Rh8 23. Bh7+ Kxh7 24. Rb3 f5 25. Qxf5+ Kg7 26. Rg3+) 17. Be2 axb5 18. Rxb5 Qc7 19. Bf4 Bd6 20. Bd3 Ba6 21. Bxh7+ ({RR} 21. Rxd5 Nc6) 21... Kxh7 22. Qh5+ {Anand,V (2735)-Karpov,A (2775) Las Palmas 1996 100 Jahre Schach [Anand,Viswanathan] 1-0 (37)}) ({RR} 7... Bb4+ 8. Bd2 Bxd2+ 9. Nbxd2) 8. bxc4 ({RR} 8. e5 Ne4 9. bxc4 Bb4+ 10. Nbd2 Nc6 11. d5 exd5 12. cxb5 Qb6 13. Qe2 Nd4 14. Nxd4 Qxd4 15. Rb1 Nc3 16. Rxb4 Qxb4 17. Qd3 Bd7 18. Qg3 O-O 19. Bd3 Bxb5 20. O-O Rac8 21. Qe3 d4 22. Qf3 Rfe8 {Khafizova,D (2285)-Styazhkina,A (2149) Sochi RUS 2026 0-1 (31)}) 8... Nxe4 9. Bd3 $146 ({RR} 9. c5 Bxc5 10. Bxb5+ Bd7 11. Bxd7+ Qxd7 12. dxc5 Qxd1+ 13. Kxd1 Nxf2+ 14. Ke2 Nxh1 15. Be3 Nc6 16. Nbd2 Ke7 17. Rxh1 f6 18. Nd4 Nxd4+ 19. Bxd4 Rhb8 20. Ra1 Rb4 21. Bc3 Rg4 22. Kf3 Rg5 23. Ra6 Rd5 {Yermolinsky,A (2445)-Kupreichik,V (2500) Sverdlovsk 1987 ½-½ (62)}) ({RR} 9. c5 Bxc5 10. Bxb5+ Bd7 11. Bxd7+ Qxd7 12. dxc5 Qxd1+ 13. Kxd1 Nxf2+ 14. Ke2 Nxh1 15. Be3 Nc6 16. Nbd2 Ke7 17. Rxh1 f6) 9... Bb4+ 10. Kf1 Nf6 11. cxb5 Bb7 12. h4 O-O 13. Rh3 Nbd7 14. Nbd2 Nb6 15. Nb3 Bd5 16. Ne5 Rc8 17. Nc5 Bxc5 18. dxc5 Rxc5 19. Ba3 Bxg2+ 20. Kxg2 Rxe5 21. Bxf8 Qxf8 22. Rxa7 g6 23. Qf3 Kg7 24. Rg3 Nbd5 25. Rg5 Qb8 26. Rxe5 Qxe5 27. Bf1 Qd4 28. Ra3 Qxh4 29. Kg1 h5 30. Qg3 Qd4 31. Rd3 Qc5 32. Rf3 Ng4 33. Qb8 Qd4 34. Qb7 Ne5 35. Rh3 h4 36. Qa8 Qg4+ 37. Kh1 Qe4+ 38. Kg1 Nf3+ 39. Rxf3 Qxf3 40. Qa1+ Kh7 41. Qd4 g5 42. b6 Qb3 43. Qd3+ 1-0

[Event "FIDE World Cup"]
[Site "Tromsoe"]
[Date "2013.08.12"]
[Round "1.2"]
[White "Lysyj, Igor"]
[Black "Istratescu, Andrei"]
[Result "1/2-1/2"]
[WhiteElo "2648"]
[BlackElo "2646"]
[PlyCount "85"]
[EventDate "2013.08.11"]
[EventType "k.o."]
[EventRounds "7"]
[EventCountry "NOR"]
[SourceTitle "CBM 156"]
[Source "ChessBase"]
[SourceDate "2013.09.17"]
[SourceVersion "1"]
[SourceVersionDate "2013.09.17"]
[SourceQuality "1"]

1. d4 {Kapnisis,Spyridon} d5 2. c4 e6 3. Nf3 c6 4. Nbd2 f5 5. g3 ({RR} 5. Ne5 Nf6 6. g3 ({RR} 6. e3 Nbd7 7. f4 Nxe5 8. fxe5 Ng4 9. Qb3 a5) 6... Nbd7 ({RR} 6... Bd6 7. Nd3 O-O 8. Bg2 Nbd7 9. O-O b6 10. b4 ({RR} 10. cxd5) 10... a5) 7. Nd3 dxc4 ({RR} 7... Bd6 8. Qc2 O-O 9. Nf3 Ne4 10. c5 Bc7 11. Bg2) 8. Nxc4 Nb6 9. Nce5 ({RR} 9. Nxb6 axb6) 9... Qxd4 10. Bg2) 5... Nd7 ({RR} 5... Nf6 6. Bg2 Bd6 7. Ne5 ({RR} 7. O-O Nbd7 8. Qc2 ({RR} 8. b3 O-O 9. Bb2 b6 10. Ne5 Bb7 11. Ndf3 Rc8) 8... O-O 9. b3 ({RR} 9. Ne1 Qe7 10. Nd3 b6 11. Nf3 Bb7 12. Bf4 c5) 9... Qe7 10. Bb2 b6 11. Ne5 Bb7 12. Rac1 Rac8 13. Qb1 Bxe5 ({RR} 13... Ne4) 14. dxe5 Ng4) 7... O-O 8. O-O b6 9. Qc2 ({RR} 9. Ndf3 Ne4 10. Bf4 Qe7 11. Rc1 Bb7 12. Nd3) 9... Bb7 10. cxd5 cxd5 11. Ndf3) 6. Bg2 ({RR} 6. b3 b6 7. Bg2 Bb7 8. Bb2 Bd6 9. Ne5 Ngf6 10. e3 O-O 11. f4 c5) 6... g5 $146 ({RR} 6... Bd6 7. Qc2 Qf6 8. O-O Nh6 9. Rd1 Nf7 10. Nf1 O-O 11. Bf4 Bxf4 12. gxf4 Qh6 13. e3 Nf6 14. Ng3 Nd6 15. c5 Nf7 16. b4 Bd7 17. a4 Ne4 18. Bf1 g5 19. fxg5 Nexg5 20. Nxg5 Nxg5 21. f4 {Eliskases,E-Gruenfeld,E Vienna (SV Hietzing) 1932 ½-½ (36)}) ({RR} 6... Nh6 7. Qc2 Nf7 8. b3 ({RR} 8. cxd5 cxd5 9. O-O Bd6 10. Nb3 g5 11. Nc5 Qe7 12. Nd3 O-O) 8... g5 ({RR} 8... Bd6) 9. e3 Bd6 10. Bb2 a5 11. h4 ({RR} 11. O-O g4 12. Ne1 h5) 11... g4 ({RR} 11... h6 12. hxg5 hxg5 13. Rxh8+ Nxh8 14. O-O-O) 12. Ng1 O-O ({RR} 12... b5) 13. Ne2 Nf6 14. Nf4 ({RR} 14. a4) 14... Qe7 15. O-O Nh8 16. c5 ({RR} 16. a4 Ng6 17. Nb1) 16... Bc7 17. a3 Ng6 18. b4 ({RR} 18. Rfe1 Ne4 ({RR} 18... Nxf4 19. exf4 Nh5 20. Nf1 Bxf4 ({RR} 20... Nxf4 21. gxf4 Bxf4 22. Bc1) 21. gxf4 Nxf4) 19. b4 Nxh4 ({RR} 19... a4) 20. gxh4 Qxh4 21. Nf1 ({RR} 21. Nxe4 fxe4) 21... Ng5 22. Qe2 a4 23. Ng3 Bd7) 18... Nxf4 19. exf4 Nh5 20. Rfe1 ({RR} 20. Bc1 Nxf4 ({RR} 20... axb4 21. Nb3) 21. gxf4 Bxf4 22. Nb3 Bxc1 ({RR} 22... Bc7 23. bxa5 Qxh4 24. f4 gxf3 25. Rxf3 Bg3 26. Be3 f4 27. Bf2 e5 28. dxe5 Bg4 29. Nd4) 23. Raxc1 f4 24. f3 a4 25. Nd2 g3 26. Rfe1 Qxh4) 20... Nxf4 21. gxf4 {Studer,N (2573)-Rapport,R (2760) Karlsruhe 2020 CBM 198 Extra [Kapnisis,Spyridon] 0-1 (35)} {RR} Qxh4 22. Nc4 dxc4 23. d5 cxd5 24. Bxd5 ({RR} 24. Qc3 Qh6) 24... exd5 25. Qc3 Qf6 ({RR} 25... Qh6 26. Re7) 26. Qxf6 Rxf6 27. Bxf6 Kf7 28. Re7+ Kxf6 29. Rxc7 axb4 30. Kg2 ({RR} 30. Re1 c3 31. Ree7 d4 32. Rxh7 Ke6) 30... d4 ({RR} 30... Kg6 31. Rh1 h5 32. c6 b5 33. Re1) 31. Rh1 h5 32. Rxh5 Ke6 33. Rh6+ Kd5 34. Rd6+ Ke4 35. Re7+ Kd3 36. Re3+) ({RR} 6... Nh6 7. O-O Nf7 8. Qc2 Qf6 9. Rb1 a5 10. b3 Bd6 11. a3 O-O 12. b4 axb4 13. axb4 b5 14. c5 Bc7 15. Nb3 e5 16. dxe5 Ndxe5 17. Nfd4 Bd7 18. Qc3 Nc4 19. Nxb5 cxb5 20. Qxf6 gxf6 21. Bxd5 {Wadsworth,M (2508)-Kazakouski,V (2582) Reykjavik ISL 2026 0-1 (50)}) ({RR} 6... Bd6 7. O-O Nh6 8. Qc2 Nf7 9. cxd5 cxd5 10. Ne1 h5 11. Ndf3 g5 12. h4 gxh4 13. Nxh4 Qf6 14. Nd3 Qxd4 15. Bf4 Qf6 16. Bxd6 Nxd6 17. Rfd1 Nb6 18. a4 Bd7 19. a5 Rc8 20. Qb3 Nbc4 21. Qb4 {Chan,K (2326)-Meillon,J (2273) Paris FRA 2023 1-0 (38)}) 7. b3 h6 8. Qc2 Qf6 9. h4 g4 10. Ne5 Bd6 11. Nd3 Ne7 12. Bb2 O-O 13. e3 b6 14. O-O Bb7 15. a4 a5 16. c5 Bc7 17. cxb6 Bxb6 18. Rfc1 Bc7 19. b4 axb4 20. Nxb4 Rfc8 21. Nb3 Ng6 22. a5 Rab8 23. a6 Ba8 24. Nd3 h5 25. a7 Rb6 26. Nbc5 Qe7 27. Ba3 Qe8 28. Nxd7 Qxd7 29. Bc5 Rb7 30. Rab1 Qd8 31. Nf4 Nxf4 32. exf4 Bd6 33. Bf1 Rcc7 34. Rxb7 Rxb7 35. Ba6 Rf7 36. Rb1 Kg7 37. Bd3 Bxc5 38. Qxc5 Qe7 39. Qb6 Qxa7 40. Qd8 Bb7 41. Qg5+ Kf8 42. Qd8+ Kg7 43. Qg5+ 1/2-1/2